000 00579nam a2200193Ii 4500
003 JO-AjNU
008 230605s9999||||xx |||||||||||||| ||und||
040 _aJO-AjNU
_bara
_erda
_cJO-AjNU
041 _aara
050 1 4 _aPS1305 1983
100 3 _aالعجيلي ،عبدالسلام ,
_eauthor
_917950
245 0 0 _aدعوة الى السفر
264 3 1 _aبيروت :دار الشرق العربي ،1983
300 _a182ص
336 _atext
_btxt
_2rdacontent
337 _aunmediated
_bn
_2rdamedia
338 _avolume
_bnc
_2rdacarrier
650 4 _aروايات
_917951
999 _aA5650
_c9218
_d9218